| 000 | 00645nam a2200181Ia 4500 | ||
|---|---|---|---|
| 008 | 151202s9999||||xx |||||||||||||| ||und|| | ||
| 082 | _bPNVM-82217 | ||
| 100 | _aकुलकर्णी कल्पना. | ||
| 245 | _aतस्मात क्षमस्व. | ||
| 260 | _bनव आनंद प्रकाशन कोल्हापुर. | ||
| 260 | _c2013 | ||
| 300 | _a168 | ||
| 600 | _aकुलकर्णी कल्पना. | ||
| 630 | _aतस्मात क्षमस्व. | ||
| 700 | _aकुलकर्णी कल्पना. | ||
| 730 | _aतस्मात क्षमस्व. | ||
| 942 | _cBOOK | ||
| 999 |
_c1346825 _d1346822 |
||